Meritum prawo spółek

Titel: Meritum prawo spółek / redakcja naukowa Andrzej Kidyba ; autorzy: dr. Tomasz Bieniek [und 32 weitere]
Verfasser:
Beteiligt:
Ausgabe: 5. wydanie, stan prawny na 10 czerwca 2016 r.
Veröffentlicht: Warszawa : Wolters Kluwer, 2016
Umfang: 2092 Seiten ; 24 cm
Format: Buch
Sprache: Polnisch
Schriftenreihe/
mehrbändiges Werk:
Meritum
Schlagworte:
ISBN: 9788326486975 ; 8326486973
Buchumschlag
X
alg: 51262972
001A    $03004:22-10-23 
001B    $01999:14-11-25 $t09:56:50.000 
001D    $03004:22-10-23 
001U    $0utf8 
001X    $00 
002@    $0Aay 
002C    $aText $btxt $2rdacontent 
002D    $aohne Hilfsmittel zu benutzen $bn $2rdamedia 
002E    $aBand $bnc $2rdacarrier 
003@    $0512629722 
003O    $0958208756 $aOCoLC 
004A    $A978-83-264-8697-5 
004A    $083-264-8697-3 
006C    $0965501106 $aOCoLC 
007A    $0BV043825155 $aBVB 
007G    $0DE0208064EB88032E1DBCC1258ABC004F19FC 
009P    $qapplication/pdf $A2 $3Inhaltsverzeichnis $uhttp://scans.hebis.de/HEBCGI/show.pl?51262972_toc.pdf $mV:DE-603;B:DE-Mb50 
009P    $qapplication/pdf $A2 $3Cover $uhttp://scans.hebis.de/HEBCGI/show.pl?51262972_cov.pdf $mV:DE-603;B:DE-Mb50 
009P    $qapplication/pdf $A2 $3Abstract $uhttp://scans.hebis.de/HEBCGI/show.pl?51262972_sum.pdf $mV:DE-603;B:DE-Mb50 
010@    $apol 
010E    $erda 
011@    $a2016 $n2016 
013D    $RQuellenforschung $#History -- Sources $#Histoire -- Sources $#Akten Formschlagwort $#Augenzeugenbericht Formschlagwort $#Texte Formschlagwort $#Historische Quelle $#Geschichtsquelle $#Quellensammlung $#Quellen $74135952-5 $8Quelle [Ts1] $9085503576 
021A    $aMeritum prawo spółek $hredakcja naukowa Andrzej Kidyba ; autorzy: dr. Tomasz Bieniek [und 32 weitere] 
028C    $BHerausgeber $4edt $7142000124 $8Kidyba, Andrzej$Z1957- [Tp3] $9225874911 
028C    $BVerfasser $4aut $8Bieniek, Tomasz [Tp3] $9478719779 
032@    $a5. wydanie, stan prawny na 10 czerwca 2016 r. 
033A    $pWarszawa $nWolters Kluwer 
034D    $a2092 Seiten 
034I    $a24 cm 
036G    $aMeritum 
044K    $RPolen-Litauen $RKongresspolen $RWestgalizien $RStaat Krakau $#Generalgouvernement Polen $#Polska $#Rzeczpospolita Polska $#Polska Rzeczpospolita Ludowa $#Poland $#Pologne $#République Polonaise $#Generalne Gubernatorstwo w Polsce $#Polish People's Republic $#Polska Rzeczpospolita Polen $#PRL $#RP $#Polen Generalgouvernement $#Polska Generalgouvernement $#Besetzte Polnische Gebiete $#Besetztes Gebiet in Polen $#Okupowane Polskie Obszary $#Obszary Okupowane w Polsce $#Volksrepublik Polen $#Polska Rosyjska $#Republic Polen $#Respublika Pol'ša $#Pol'skaja Narodnaja Respublika $#République de Pologne $#Polen Links der Weichsel $#Polska po Lewej Stronie Wisły $#Lenkija $#Polija $#Gubernija Carstva Pol'skago $#Republik Polen $74046496-9 $8Polen [Tg1] $9085129801 
044K    $RRechtsnorm $RNomos $#Statutes $#Lois $#Leggi $#Gesetz $#gesetzliche Regelung $#Gesetz $#Gesetzessammlung $#Gesetzestext $#Rechtliche Regelung $#Gesetzliche Regelung $#Gesetze $74020660-9 $8Gesetz [Ts1] $9085050008 
044K    $#Corporations $#Sociétés $74157055-8 $8Gesellschaft$gRecht [Ts1] $9085673641 
044K    $RGesellschaft $#Corporations $#Sociétés commerciales $#Handelsgesellschaft $#Handelsgesellschaft $#Handelshaus $74138897-5 $8Handelsgesellschaft [Ts1] $9085526614 
044K    $RGesellschaft $RBürgerliche Gesellschaft $#Civil society $#Société civile $#Sociedad civil $#Zivilgesellschaft $#Zivilgesellschaft $#Zivilgesellschaft $#Bürgergesellschaft $#Civil society $#Demokratische Bürgergesellschaft $77668631-0 $8Zivilgesellschaft [Ts1] $9214491838 
045F    $a340.09 $eDDC23BSB 
045F/01 $a340.09 
045F/03 $f0905 
045F/03 $g438 

lok: 51262972 24

exp: 51262972 24 1 #EPN
201B/01 $012-01-24 $t11:34:31.000 
201C/01 $022-10-23 
201U/01 $0utf8 
203@/01 $0124513499X 
208@/01 $a22-10-23 $bz 
209A/01 $a23.05732 $du $f050 $h23 05732 $x00 
209C/01 $a23.05732 T $h23 05732 T 
209G/01 $a74740146 $x00 
220C/01 $ajwa/bar 
247C/01 $8358050-7 Marburg, Bibliothek des Herder-Instituts Marburg $9102600961
LEADER 00000cam a22000002c 4500
001 512629722
003 DE-603
005 20251114095650.0
007 tu
008 231022s2016 xx |||| | u00||u|pol c
020 |a 9788326486975 
020 |a 8326486973 
035 |a (DE-599)BVBBV043825155 
035 |a (OCoLC)958208756 
040 |a DE-603  |b ger  |c DE-603  |d DE-603  |e rda 
041 |a pol 
082 0 4 |8 1\u  |a 340.09  |q DE-101  |2 23/BSB 
085 |8 1\u  |b 340.09 
085 |8 1\u  |z 1  |s 0905 
085 |8 1\u  |z 2  |s 438 
245 0 0 |a Meritum prawo spółek  |c redakcja naukowa Andrzej Kidyba ; autorzy: dr. Tomasz Bieniek [und 32 weitere] 
250 |a 5. wydanie, stan prawny na 10 czerwca 2016 r. 
264 1 |a Warszawa  |b Wolters Kluwer  |c 2016 
300 |a 2092 Seiten  |c 24 cm 
336 |a Text  |b txt  |2 rdacontent 
337 |a ohne Hilfsmittel zu benutzen  |b n  |2 rdamedia 
338 |a Band  |b nc  |2 rdacarrier 
490 0 |a Meritum 
650 7 |a Gesetz  |0 (DE-588)4020660-9  |0 (DE-603)085050008  |2 gnd 
650 7 |a Gesellschaft  |g Recht  |0 (DE-588)4157055-8  |0 (DE-603)085673641  |2 gnd 
650 7 |a Handelsgesellschaft  |0 (DE-588)4138897-5  |0 (DE-603)085526614  |2 gnd 
650 7 |a Zivilgesellschaft  |0 (DE-588)7668631-0  |0 (DE-603)214491838  |2 gnd 
651 7 |a Polen  |0 (DE-588)4046496-9  |0 (DE-603)085129801  |2 gnd 
655 7 |a Quelle  |2 gnd-content  |0 (DE-588)4135952-5  |0 (DE-603)085503576 
700 1 |a Kidyba, Andrzej  |d 1957-  |e Herausgeber  |4 edt  |0 (DE-603)225874911  |0 (DE-588)142000124  |2 gnd 
700 1 |a Bieniek, Tomasz  |e Verfasser  |4 aut  |0 (DE-603)478719779  |0 (DE-588)1232755729  |2 gnd 
856 4 2 |m V:DE-603;B:DE-Mb50  |q application/pdf  |u http://scans.hebis.de/HEBCGI/show.pl?51262972_toc.pdf  |3 Inhaltsverzeichnis 
856 4 2 |m V:DE-603;B:DE-Mb50  |q application/pdf  |u http://scans.hebis.de/HEBCGI/show.pl?51262972_cov.pdf  |3 Cover 
856 4 2 |m V:DE-603;B:DE-Mb50  |q application/pdf  |u http://scans.hebis.de/HEBCGI/show.pl?51262972_sum.pdf  |3 Abstract 
924 0 |9 Mb 50  |a (DE-603)124513499X  |b DE-Mb50  |c HES  |d c  |g 23.05732